000 00242nam a2200097Ia 4500
001 719637
005 20250826163047.0
008 250824s9999 xx 000 0 und d
245 0 _aSULTANI ÖLDÜRMEK
_cAHMET ÜMİT
260 _bEVEREST YAYINLARI
999 _c719637
_d719637